000 01256cam a2200301 a 4500
003 data
005 20260322212029.0
008 data
010 _a96044960
020 _a0842304711
020 _a9780842304719
020 _a9780842383134
020 _a0842383131
040 _aDLC
_cDLC
_dOSU
_dBAKER
_dL@L
_dOSU
043 _an-us---
050 0 0 _aE156
_b.L36 2005
082 0 0 _a973/.076
_220
092 _a973.076 A447 2011
100 1 _aLang, J. Stephen
245 1 4 _aThe big book of American trivia /
_cJ. Stephen Lang.
260 _aWheaton, Ill. :
_bTyndale House,
_cc1997
300 _ax, 380 p. ;
_c22 cm
505 0 _aFor the record -- Let us entertain you -- Our love affair with music -- Leisure time, American style -- So many sights to see --Call of the wild -- As a memorial -- The finer things : artists, authors, and such -- Hail to the chief -- Doing it by the decades-- American potpourri -- Ten questions (about each state) --Things of the spirit
520 _aPresents over three thousand questions and answers about American subjects, covering such topics as geography, history, entertainment, people, and culture
650 0 _aPopular culture
_zUnited States
_vMiscellanea
651 0 _aUnited States
_vMiscellanea
001 data
999 _c666
_d666